000 00355nam a2200133Ia 4500
008 210210b1959 xxu||||| |||| 00| 0 eng d
082 _a302 STRS
100 _aSTRAUSS (Anselm), Ed.
245 _aSocial psychology of George Herbert Mead.
260 _aChicago
_bPhoenix Books.
_c1959
300 _axvi,298
690 _aSocial Psychology
906 _a041098
999 _c90998
_d90998